Plan de estudios para las escuelas del Colegio Imperial de Madrid aprobado por el Rey nuestro señor Don Fernando septimo (que dios guarde). A consulta de la Real Junta creada para entender en el restablecimiento de la Orden de la Compañía de Jesus en todos sus dominios, que empezara a observarse en el inmediato curso que se ha de dar principio el dia 19 de octubre de este año

Detalles Bibliográficos
Otros Autores: Fernando VII, rey de España, 1784-1833
Formato: Libro
Lenguaje:Spanish
Publicado: Madrid : en la Imprenta Real, 1816.
Materias:
Colección:Banco de datos
Acervo:Fondo Antiguo José Gutiérrez Casillas. S.J. de la Biblioteca Eusebio F. Kino. de la Provincia Mexicana de la Compañía de Jesús
Descripción Física:18 p. ; 4°
Tema general:Educación
Historia eclesiástica
Notas:Portada tipográfica con escudo en grabado xilográfico. Texto a renglón seguido con paginación en números arábigos. Encuadernación en cartón con lomo en piel (18120). Encuadernación en piel sobre cartón (Arrill/4°/4/9). Encuadernado en 16023 (18120). Encuadernado en Arrill/4°/4 (Arrill/4°/4/9). Índice manuscrito en la guarda anterior (Arrill/4°/4/9). Sello en tinta de Ex libris Hist. Mex. Coll. Max. S. I. Prov. Mex. (18120, Arrill/4°/4/9). El ejemplar con clasificación Arrill/4°/4/9 pertenece a la Colección de opúsculos útiles y curiosos, impresos y manuscritos de Basilio Arrillaga
LEADER 01608nam a22002050004500
035 |a 1522 
041 0 |a spa 
245 1 0 |a Plan de estudios para las escuelas del Colegio Imperial de Madrid aprobado por el Rey nuestro señor Don Fernando septimo (que dios guarde). A consulta de la Real Junta creada para entender en el restablecimiento de la Orden de la Compañía de Jesus en todos sus dominios, que empezara a observarse en el inmediato curso que se ha de dar principio el dia 19 de octubre de este año 
260 |a Madrid : en la Imprenta Real, 1816. 
300 |a 18 p. ; 4° 
500 |a Portada tipográfica con escudo en grabado xilográfico. Texto a renglón seguido con paginación en números arábigos. Encuadernación en cartón con lomo en piel (18120). Encuadernación en piel sobre cartón (Arrill/4°/4/9). Encuadernado en 16023 (18120). Encuadernado en Arrill/4°/4 (Arrill/4°/4/9). Índice manuscrito en la guarda anterior (Arrill/4°/4/9). Sello en tinta de Ex libris Hist. Mex. Coll. Max. S. I. Prov. Mex. (18120, Arrill/4°/4/9). El ejemplar con clasificación Arrill/4°/4/9 pertenece a la Colección de opúsculos útiles y curiosos, impresos y manuscritos de Basilio Arrillaga 
501 |a 20 obras (18120) 
501 |a 23 obras (Arrill/4°/4/9) 
650 1 0 |a Educación 
650 1 0 |a Historia eclesiástica 
700 1 |a Fernando VII, rey de España, 1784-1833 
949 |a 18120, Arrill/4°/4/9 
942 |c KINO 
943 |g Fondo Antiguo José Gutiérrez Casillas. S.J. de la Biblioteca Eusebio F. Kino. de la Provincia Mexicana de la Compañía de Jesús 
999 |c 1094411  |d 1094411